000 00547nam a2200193Ia 4500
999 _c31993
_d31993
003 OSt
005 20200806115450.0
008 190216s9999||||xx |||||||||||||| ||und||
020 _a9788131201916
040 _coclc
082 _a511.3
_bEND/M
100 _aEnderton, Herbert B
_94006
245 2 _aA Mathematical Introduction To Logic /
_cHerbert B Enderton
250 _a2nd Ed.
260 _bAcademic Press,
_aUSA:
_c2001.
300 _a317p
650 _aMathematics
942 _cBK
_2ddc
_h511.3
_iEND/M
_k511.3
_mEND/M